Μαρτυρία και διακονία εν τη Κ. Διαθήκη
Αποθηκεύτηκε σε:
| Κύριος συγγραφέας: | |
|---|---|
| Μορφή: | Βιβλίο |
| Γλώσσα: | Greek |
| Δημοσίευση: |
Αθήναι :
[χ.ό.],
1967.
|
| Θέματα: | |
| Ετικέτες: |
Προσθήκη ετικέτας
Δεν υπάρχουν, Καταχωρήστε ετικέτα πρώτοι!
|
MARC
| LEADER | 00000cam a2200000 i 4500 | ||
|---|---|---|---|
| 001 | 1/29019 | ||
| 008 | 060509s1967 gr | ||| |||| ||gre|| | ||
| 035 | |l 10083797 | ||
| 040 | |a GR-MY-UA |b gre |e aacr | ||
| 041 | 0 | |a gre | |
| 082 | 7 | |a 231 |2 (22) | |
| 100 | 1 | |a Γαλίτης, Γεώργιος Αντ. | |
| 245 | 1 | 0 | |a Μαρτυρία και διακονία εν τη Κ. Διαθήκη |h [ανάτυπο] / |c Γεώργιου Αντ. Γαλίτη. |
| 260 | |a Αθήναι : |b [χ.ό.], |c 1967. | ||
| 300 | |a 22 σ. ; |c 24 εκ. | ||
| 500 | |a Ανάτυπον εκ του τιμητικού τόμου "Πόνημα Εύγνωμον" επί τη 40ετηρίδι συγγραφικής δράσεως του καθηγητού Βασίλειου Μ. Βέλλα. | ||
| 500 | |a Με: Η έννοια του Θεού κατά την σύγχρονον επιστήμην και φιλοσοφίαν. - Η έννοια της διπλής γνώσεως κατά τον Γρηγόριον Παλαμάν [ανάτυπο] / υπό Πανάγ. Κ. Χρήστου. - Ο υπαρκτικός διάλογος κατά τους θεολόγους της Καππαδοκίας / υπό Παναγιώτου Κ. Χρήστου. - Η περί Θεού γνώσις / Αθανάσιου Γρ. Γερομίχαλου. - Ο λόγος του Θεού κατά την παράδοσιν [ανάτυπο] / Νικ. Ματσούκα. - Η φιλοσοφία του υπαρξισμού και ο σύγχρονος κόσμος [ανάτυπο] / Νικολάου Ματσούκα. - Κυβερνητική και θεολογία [ανάτυπο] / Κωνσταντίνου Ε. Παπαπέτρου. - Πρόσωπα και θέματα [ανάτυπο](R. Bultmann, P. Tillich, D. Bonhoeffer, K. Rahner) / Κωνσταντίνου Ε. Παπαπέτρου. - Η οδός προς την τελείωσιν: [ανάτυπο] ερμηνευτική επεξεργασία του τέλους της Α' προς Θεσσαλονικείς επιστολής (5,14-28) / Γεώργιου Αντ. Γαλίτη. - Το ηθικόν νόημα του περί τριάδος δόγματος / Γεώργιου Ι. Μαντζαρίδου. - Η απόλυτος αξίωσις του χριστιανισμού και η ελπίς [ανάτυπο] / Κωνσταντίνου Ε. Παπαπέτρου. - Χριστολογικά και εκκλησιολογικά τινά εκ των του άσματος των ασμάτων [ανάτυπο] / Αμαλίας Σπουρλάκου - Ευτυχιάδου. - Ο άνθρωπος εν τη Καινή Διαθήκη [ανάτυπο] / Π. Ι. Μπρατσιώτου. - Χριστιανισμός και ελληνικόν πνεύμα [ανάτυπο] / Ν. Ι.Λούβαρι. - Η ανθρώπινη αξιοπρέπεια κατά τους πατέρας της εκκλησίας / Παρθενίου Κ. Πολάκη. - Οι μοναχοί ως κοινωνικοί διδάσκαλοι και εργάται εν τη αρχαία ανατολική εκκλησία / Ανδρέου Ιω. Φυτράκη. - Θεός και ιστορία εν τη ισραηλίτικη θρησκεία / Βασιλείου Μ. Βέλλα. - Η θεωρία της εξελίξεως των όντων / Αναστάσιου Κ. Πιερίου. - Αι περί εκκλησίας ιδέαι του Ιωάννου Σκαλτσουνή [ανάτυπο] / Δημοσθένους Σ. Σαβράμη. - Σκοπός της Θείας ενανθρωπήσεως [ανάτυπο] / Αθανάσιου Γρ. Γερομίχαλου. - Ειρηναίου επισκόπου Λουγδούνου: [ανάτυπο] επίδειξις του αποστολικού κηρύγματος / υπό Ιωάννου Δ. Καραβιδόπουλου. | ||
| 630 | 0 | 0 | |a Bible. O.T. |x Theology. |
| 650 | 0 | 0 | |a Theology, Doctrinal. |
| 852 | |a INST |b RHODES |c KRI |e 20060509 |h 231 ΣΑΚ |p 005400020893 |q 005400020893 |t BK |y 0 | ||
| 901 | |a BIBL4-2006-2 | ||
| 909 | |a Ρ |b 122902 | ||
| 970 | |a ΚΟΖΑ |b ΜΑΡΙΑ |z 2006/05/09 | ||